000
00312 a2200157 4500
001
56801
020
_a
040
_c
Anchieta - Pituba
100
_a
Machado, Ana Maria
240
1
0
_a
Peer Gynt
_l
por
245
1
0
_a
Peer Gynt
300
_a
102
362
0
_a
1985
650
4
_a
Literatura juvenil
942
_c
BK
999
_c
56801
_d
56801